Top Gear DVDs Quiz Stats

 Plays Quiz not verified by Sporcle

Support Sporcle.
Go Orange.
Score 0/12 Timer 03:00
0 Plays Today
Year Name of DVD % Correct
2007The Challenges
68.6%
2008The Challenges 2
60.8%
2008The Challenges 3
58.8%
2006Winter Olympics
54.9%
2008Polar Special
54.9%
2009Botswana Special
51%
2009Vietnam Special
49%
2008US Special
41.2%
2003Back In The Fast Lane
39.2%
2005Revved up
35.3%
2008Stunt Challenge
21.6%
2007Interactive Challenge
17.6%

You're not logged in!

Compare scores with friends on all Sporcle quizzes.
OR
Log In

From the Vault

Complete the Chuck Norris Joke

by tenepe

Chuck Norris died 20 years ago, Death just hasn't built up the courage to tell him yet.
Remove Ads.
Support Sporcle.
Get the best of Sporcle when you Go Orange. This ad-free experience offers more features, more stats, and more fun while also helping to support Sporcle. Thank you for becoming a member.

Show Comments

Extras

Created Sep 23, 2009ReportNominate
Tags:DVD, Extra, gear, Top Gear

Top Quizzes Today


Score Distribution

Your Account Isn't Verified!

In order to create a playlist on Sporcle, you need to verify the email address you used during registration. Go to your Sporcle Settings to finish the process.

Report this User

Report this user for behavior that violates our Community Guidelines.

Details: